000 00791nac a22002417a 4500
001 BR9507898
003 BR-BrBNA
005 20240105121804.0
008 230509b bl.|||m| |||| 00| 0 por d
040 _aBR-BrBNA
_bpor
_cBiblioteca Nacional de Agricultura
072 _aK01; K10
090 _aK01 BR9507898
110 1 _aInstituto Brasileiro de Desenvolvimento Florestal, Brasilia, DF (Brasil)
_95727
245 1 _aPlano Operativo de 1976
260 3 _aBrasilia, DF (Brasil):
_c1975.
300 _a180 p.
490 _aPlano Operativo - Instituto Brasileiro de Desenvolvimento Florestal (Brazil)
_v
_x
650 _aPlanejamento Florestal
650 _aReflorestamento
650 _aPesquisa Florestal
909 _a202312
_bLúcia Elande
_c55
_dLúcia Elande
942 _2AGRIS
_n0
_cMS
999 _c287463
_d287463